Phoenix-eye fist : a shaolin fighting art of South China /

Bibliographic Details
Main Author: Cheong, Cheng Leong, 1940-
Other Authors: Draeger, Donn F.
Format: Book
Language:English
Published: New York : Weatherhill, 1977.
Edition:1st ed.
Subjects:

MARC

Tag First Indicator Second Indicator Subfields
LEADER 00000pam a2200000 i 4500
001 in00000090787
005 20150923131140.0
008 770510s1977 nyua 00010 eng
010 |a  77023373  
020 |a 0834801272 :  |c $6.95 
035 |a (OCoLC)03002333 
035 |9 AAK6628AM 
040 |a DLC  |c DLC  |d m.c.  |d TXA  |d UtOrBLW 
049 |a TXAM  |c [1503341] 
050 0 0 |a GV1112  |b  C474 
082 0 |a 796.8/15 
100 1 |a Cheong, Cheng Leong,  |d 1940- 
245 1 0 |a Phoenix-eye fist :  |b a shaolin fighting art of South China /  |c  Cheong Cheng Leong, Donn F. Draeger. 
250 |a 1st ed. 
264 1 |a New York :  |b Weatherhill,  |c 1977. 
300 |a 170 pages :  |b illustrations ;  |c 23 cm. 
336 |a text  |b txt  |2 rdacontent 
337 |a unmediated  |b n  |2 rdamedia 
338 |a volume  |b nc  |2 rdacarrier 
650 0 |a Hand-to-hand fighting, Oriental. 
650 0 |a Self-defense. 
700 1 |a Draeger, Donn F. 
999 |a MARS 
999 f f |s aa6dcd10-e1a8-3296-ad7d-fa0b6d38f46b  |i 5b40f8bc-5e63-3091-bc6c-7fcb3527f516  |t 0 
952 f f |p normal  |a Texas A&M University  |b College Station  |c Sterling C. Evans Library  |d Evans: Library Stacks  |t 0  |e GV1112 C474  |h Library of Congress classification  |i unmediated -- volume  |m A14806009009 
998 f f |a GV1112 C474  |t 0  |l Evans: Library Stacks